00455nam a2200145Ia 4500008004100000041000800041082001500049100001900064245001500083260002800098300003300126365001100159999001700170952012200187240624s9999 xx 000 0 und d aeng a658.84 KUL aKULKARNI PARAG aE BUSINESS c2012aNew DelhibOxford axviii, : 452 : p. : cm. ; 26 cRSb31 c24887d24887 00104070aIMTNbIMTNcRack 36-Bd2015-09-30eWBDg375.00o658.84 KULp24887r2024-06-24 00:00:00t1w2024-06-24yBK